[Event "Wch U14 Girls rapid"]
[Site "Batumi"]
[Date "2023.06.08"]
[Round "11"]
[White "Ho, Ngoc Vy"]
[Black "Mkrtchyan, Anahit H"]
[Result "0-1"]
[WhiteElo "1430"]
[BlackElo "1414"]
[PlyCount "100"]
[EventDate "2023.06.06"]
[EventType "swiss (rapid)"]
[EventRounds "11"]
[EventCountry "GEO"]
[SourceTitle "EXT 2024"]
[Source "ChessBase"]
[SourceDate "2023.10.10"]
[SourceVersion "1"]
[SourceVersionDate "2023.10.10"]
[SourceQuality "1"]
[WhiteTeam "Vietnam"]
[BlackTeam "Armenia"]
[WhiteTeamCountry "VIE"]
[BlackTeamCountry "ARM"]

1. d4 Nf6 2. c4 e6 3. Nf3 b6 4. g3 Bb7 5. Bg2 d5 6. 0-0 Be7 7. Nc3 0-0 8. b3 Nbd7 9. Bb2 Rc8 10. Ne5 c5 11. cxd5 cxd4 12. Nxd7 dxc3 13. Bxc3 Qxd7 14. d6 Rxc3 15. Bxb7 Qxb7 16. dxe7 Qxe7 17. Qd4 Rfc8 18. Rfd1 h6 19. Rab1 Qa3 20. Ra1 Rc2 21. Rd2 Rc1+ 22. Rxc1 Qxc1+ 23. Kg2 Qc5 24. Qb2 Ne4 25. Rd4 Qc3 26. Qxc3 Nxc3 27. Rd7 a5 28. Rb7 Rc6 29. Rb8+ Kh7 30. Rb7 Kg6 31. Rd7 Nxa2 32. Rd4 Nc1 33. Rg4+ Kf6 34. b4 axb4 35. Rxb4 Nxe2 36. Kf3 Nc3 37. Rf4+ Ke7 38. Rg4 g5 39. h4 f5 40. Rb4 g4+ 41. Kg2 Nd5 42. Rb2 Rc5 43. Rd2 b5 44. f3 gxf3+ 45. Kxf3 b4 46. Rb2 Rc3+ 47. Kf2 b3 48. Rb1 Rc2+ 49. Ke1 b2 50. Rd1 Rc1 0-1

[Event "Wch U14 Girls rapid"]
[Site "Batumi"]
[Date "2023.06.07"]
[Round "4"]
[White "Ho, Ngoc Vy"]
[Black "Mgeladze, Kesaria"]
[Result "0-1"]
[WhiteElo "1430"]
[BlackElo "1682"]
[PlyCount "100"]
[EventDate "2023.06.06"]
[EventType "swiss (rapid)"]
[EventRounds "11"]
[EventCountry "GEO"]
[SourceTitle "EXT 2024"]
[Source "ChessBase"]
[SourceDate "2023.10.10"]
[SourceVersion "1"]
[SourceVersionDate "2023.10.10"]
[SourceQuality "1"]
[WhiteTeam "Vietnam"]
[BlackTeam "Georgia"]
[WhiteTeamCountry "VIE"]
[BlackTeamCountry "GEO"]

1. d4 Nf6 2. c4 g6 3. Nf3 Bg7 4. Nc3 0-0 5. Bf4 d6 6. h3 c5 7. d5 a6 8. e4 b5 9. Bd3 b4 10. Ne2 Nbd7 11. Qc2 a5 12. g4 a4 13. 0-0-0 Qa5 14. b3 axb3 15. axb3 Ne8 16. Kd2 Nb6 17. e5 e6 18. Ra1 Qxa1 19. Rxa1 Rxa1 20. Be4 exd5 21. Bxd5 Nc7 22. Be4 dxe5 23. Bxe5 Rd8+ 24. Bd3 Bxe5 25. Nxe5 Bb7 26. g5 Rda8 27. Nc1 Ne6 28. Nxg6 hxg6 29. Bxg6 Rd8+ 30. Bd3 Nf4 31. Qb2 Rxc1 32. Qxc1 Rxd3+ 33. Ke1 Bf3 34. h4 Rd1+ 35. Qxd1 Bxd1 36. Kxd1 Ng2 37. h5 Nf4 38. Kd2 Nxh5 39. Ke3 Ng7 40. Ke4 Ne6 41. f4 Kf8 42. Ke5 Ke7 43. Ke4 Nd4 44. f5 Nxb3 45. Ke5 Nd2 46. f6+ Kd7 47. Kf5 Ndxc4 48. g6 Nd6+ 49. Kg5 fxg6 50. Kxg6 b3 0-1

[Event "VIE-ch U13 Girls"]
[Site "Ho Chi Minh City"]
[Date "2022.07.15"]
[Round "7"]
[White "Nguyen, Huynh Tu Phuong"]
[Black "Ho, Ngoc Vy"]
[Result "1/2-1/2"]
[WhiteElo "2128"]
[BlackElo "2138"]
[PlyCount "121"]
[EventDate "2022.07.11"]
[EventType "swiss"]
[EventRounds "9"]
[EventCountry "VIE"]
[SourceTitle "EXT 2023"]
[Source "ChessBase"]
[SourceDate "2022.10.05"]
[SourceVersion "1"]
[SourceVersionDate "2022.10.05"]
[SourceQuality "1"]

1. c4 Nf6 2. Nc3 e5 3. Nf3 e4 4. Ng5 e3 5. fxe3 d6 6. g3 g6 7. Bg2 Nc6 8. Nf3 Bg7 9. 0-0 0-0 10. e4 Re8 11. d3 Bd7 12. a3 Qc8 13. Qe1 Bh3 14. Bxh3 Qxh3 15. Qf2 Qd7 16. e3 Ne5 17. Nxe5 Rxe5 18. Nd5 Ng4 19. Qg2 c6 20. Nf4 Re7 21. h3 Ne5 22. Rd1 a5 23. Qf1 Rf8 24. Kh2 f5 25. d4 Nf7 26. exf5 gxf5 27. Re1 Ng5 28. Bd2 a4 29. Nd3 Rf6 30. Rac1 Nxh3 31. Kxh3 f4+ 32. Kg2 fxe3 33. Qe2 exd2 34. Qxe7 dxc1Q 35. Nxc1 Qf5 36. Qe8+ Bf8 37. Qe2 Rg6 38. Qf2 Qd7 39. Nd3 Be7 40. Qe3 Bf6 41. Qe8+ Qxe8 42. Rxe8+ Kf7 43. Rb8 Bh4 44. Rxb7+ Kg8 45. Rb8+ Kg7 46. Nf4 Rxg3+ 47. Kh2 Rg4 48. Ne6+ Kf6 49. Nd8 Rxd4 50. Nxc6 Rxc4 51. Nb4 Bg5 52. Rf8+ Kg7 53. Ra8 Re4 54. Rxa4 Re2+ 55. Kg3 Rxb2 56. Ra7+ Kg6 57. Ra6 Rb3+ 58. Kf2 Bf4 59. Nd5 Be5 60. Ne3 h5 61. Nc4 1/2-1/2

[Event "VIE-ch U13 Girls"]
[Site "Ho Chi Minh City"]
[Date "2022.07.14"]
[Round "5"]
[White "Ngo, Bao Quyen"]
[Black "Ho, Ngoc Vy"]
[Result "1/2-1/2"]
[WhiteElo "2120"]
[BlackElo "2138"]
[PlyCount "116"]
[EventDate "2022.07.11"]
[EventType "swiss"]
[EventRounds "9"]
[EventCountry "VIE"]
[SourceTitle "EXT 2023"]
[Source "ChessBase"]
[SourceDate "2022.10.05"]
[SourceVersion "1"]
[SourceVersionDate "2022.10.05"]
[SourceQuality "1"]

1. e4 e5 2. Nf3 Nc6 3. d4 exd4 4. Nxd4 Bc5 5. Be3 Qf6 6. c3 Nge7 7. Bc4 Ne5 8. Be2 0-0 9. 0-0 d5 10. f4 Nc4 11. Bxc4 dxc4 12. Nd2 b5 13. Qh5 Qd6 14. f5 f6 15. Kh1 Bxd4 16. cxd4 Nc6 17. Nf3 Qe7 18. Qh4 Nb4 19. Bd2 Nd3 20. Ne5 Nxe5 21. dxe5 Qxe5 22. Bc3 Qc5 23. e5 fxe5 24. f6 b4 25. fxg7 Rxf1+ 26. Rxf1 Bb7 27. Qf6 Bd5 28. Bxe5 Re8 29. Bxc7 Qe7 30. Qf8+ Rxf8 31. gxf8Q+ Qxf8 32. Rxf8+ Kxf8 33. Bd6+ Kf7 34. Bxb4 Kf6 35. Bc3+ Kf5 36. Kg1 h5 37. Kf2 h4 38. h3 Bc6 39. g4+ Ke4 40. Bf6 Kf4 41. Bxh4 a6 42. Bf6 Bd7 43. Ke2 Kg3 44. h4 Kxg4 45. Kd2 Bf5 46. Kc3 Bd3 47. Kb4 Kf5 48. Bg5 Kg6 49. Ka5 Kh5 50. Kb4 Kg6 51. a4 Kf5 52. b3 cxb3 53. Kxb3 Kg6 54. Kb4 Be2 55. a5 Bd3 56. Kc5 Be2 57. Kd6 Bd3 58. Ke7 Bc4 1/2-1/2

[Event "VIE-ch U13 Girls"]
[Site "Ho Chi Minh City"]
[Date "2022.07.12"]
[Round "2"]
[White "Ho, Ngoc Vy"]
[Black "Nguyen, Ngoc Tuong Vy"]
[Result "1-0"]
[WhiteElo "2138"]
[BlackElo "2116"]
[PlyCount "85"]
[EventDate "2022.07.11"]
[EventType "swiss"]
[EventRounds "9"]
[EventCountry "VIE"]
[SourceTitle "EXT 2023"]
[Source "ChessBase"]
[SourceDate "2022.10.05"]
[SourceVersion "1"]
[SourceVersionDate "2022.10.05"]
[SourceQuality "1"]

1. d4 d5 2. c4 c6 3. Nf3 Nf6 4. g3 g6 5. Bg2 Bg7 6. 0-0 0-0 7. b3 Nfd7 8. Bb2 Nc5 9. Nc3 Ne6 10. e3 b6 11. Qc2 Bb7 12. Rad1 Nd7 13. e4 Rc8 14. Rfe1 b5 15. exd5 cxd5 16. Nxb5 dxc4 17. bxc4 Bd5 18. c5 Bxa2 19. Nc3 Bc4 20. Qa4 Rb8 21. Qxc4 Rxb2 22. Na4 Rb8 23. c6 Qa5 24. cxd7 Rb4 25. Qc8 Rxa4 26. d5 Nd8 27. Rxe7 Ra1 28. Rxa1 Qxa1+ 29. Re1 Qa4 30. Ng5 Bf6 31. Ne4 Bg7 32. Nd6 Qb4 33. Re8 Qxd6 34. Qxd8 Qb4 35. Rxf8+ Bxf8 36. Qe8 a5 37. d8Q Qa3 38. Qf6 Qc1+ 39. Bf1 Qc7 40. d6 Qb7 41. d7 Qb3 42. Qxf8+ Kxf8 43. d8Q# 1-0

[Event "VIE-ch U13 Girls"]
[Site "Hanoi"]
[Date "2022.06.11"]
[Round "1"]
[White "Tran, Ha Gia Linh"]
[Black "Ho, Ngoc Vy"]
[Result "1-0"]
[WhiteElo "2143"]
[BlackElo "2126"]
[PlyCount "91"]
[EventDate "2022.06.11"]
[EventType "swiss"]
[EventRounds "9"]
[EventCountry "VIE"]
[SourceTitle "EXT 2023"]
[Source "ChessBase"]
[SourceDate "2022.10.05"]
[SourceVersion "1"]
[SourceVersionDate "2022.10.05"]
[SourceQuality "1"]

1. e4 e5 2. Nf3 Nc6 3. Bc4 Bc5 4. d3 Nf6 5. Bg5 d6 6. h3 0-0 7. Nc3 Na5 8. Bb3 Nxb3 9. axb3 c6 10. Qd2 a6 11. Nh2 Qe7 12. Ng4 Bxg4 13. hxg4 Qe6 14. f3 b5 15. g3 a5 16. Qh2 Rfe8 17. Bxf6 Qxf6 18. Qxh7+ Kf8 19. Qf5 b4 20. Ne2 Be3 21. Qxf6 gxf6 22. c3 Ke7 23. Kd1 Rh8 24. Kc2 c5 25. Raf1 Rhb8 26. Ra1 a4 27. bxa4 b3+ 28. Kd1 c4 29. dxc4 Rh8 30. Rf1 Rh2 31. Ra3 Rah8 32. Rxb3 Rh1 33. Rxh1 Rxh1+ 34. Kc2 Re1 35. Kd3 Bh6 36. f4 exf4 37. gxf4 Rh1 38. a5 Rh3+ 39. Kd2 Rh2 40. Ke3 Rh3+ 41. Kf2 Rh2+ 42. Kf3 Rh3+ 43. Ng3 f5 44. exf5 Bg7 45. a6 Rh8 46. Rb7+ 1-0

[Event "VIE-ch (Women)"]
[Site "Tinh Bac Giang"]
[Date "2022.02.28"]
[Round "1"]
[White "Ho, Ngoc Vy"]
[Black "Le, Thai Nga"]
[Result "0-1"]
[WhiteElo "1392"]
[BlackElo "1866"]
[PlyCount "66"]
[EventDate "2022.02.28"]
[EventType "swiss"]
[EventRounds "9"]
[EventCountry "VIE"]
[SourceTitle "CBM 207 Extra"]
[Source "ChessBase"]
[SourceDate "2022.05.31"]
[SourceVersion "1"]
[SourceVersionDate "2022.05.31"]
[SourceQuality "1"]

1. d4 d5 2. c4 e6 3. Nc3 f5 4. Nf3 Nf6 5. Bf4 Bd6 6. e3 c6 7. Qc2 0-0 8. Bd3 Ne4 9. h3 Qc7 10. Bxd6 Qxd6 11. 0-0-0 b6 12. Ne5 Ba6 13. g4 b5 14. c5 Nxc5 15. gxf5 Nxd3+ 16. Nxd3 exf5 17. Ne5 Nd7 18. f4 Nb6 19. Rhg1 Rac8 20. Rg3 b4 21. Qg2 Rc7 22. Rg1 Qf6 23. Nd1 c5 24. dxc5 Rxc5+ 25. Kb1 Rf7 26. Nf2 Rfc7 27. Nfd3 Bxd3+ 28. Nxd3 Rb5 29. h4 Nc4 30. h5 Na3+ 31. Ka1 b3 32. Nb4 Nc2+ 33. Nxc2 bxc2 0-1

[Event "Eastern Asia-ch U12 Girls"]
[Site "Tornelo INT"]
[Date "2021.10.23"]
[Round "6"]
[White "Ho, Ngoc Vy"]
[Black "Quan, My Linh"]
[Result "1-0"]
[WhiteElo "1302"]
[BlackElo "1089"]
[PlyCount "93"]
[EventDate "2021.10.22"]
[EventType "swiss"]
[EventRounds "9"]
[EventCountry "NET"]
[SourceTitle "EXT 2023"]
[Source "ChessBase"]
[SourceDate "2022.10.05"]
[SourceVersion "1"]
[SourceVersionDate "2022.10.05"]
[SourceQuality "1"]

1. d4 Nf6 2. c4 e6 3. Nf3 b6 4. g3 Bb7 5. Bg2 Be7 6. 0-0 0-0 7. Nc3 Ne4 8. Qc2 Nxc3 9. Qxc3 d6 10. b3 Nd7 11. Bb2 Bf6 12. Qc2 g6 13. e4 Bg7 14. d5 e5 15. a3 a5 16. b4 axb4 17. axb4 Qe7 18. b5 Nc5 19. Rfd1 Rfb8 20. Ne1 Bc8 21. Nd3 f5 22. f3 Qg5 23. Nxc5 bxc5 24. Qd3 Bd7 25. Bc3 fxe4 26. fxe4 Rf8 27. Rxa8 Rxa8 28. Bd2 Qe7 29. Rf1 Rf8 30. Qa3 Rxf1+ 31. Bxf1 Qd8 32. Qa7 Qc8 33. Be2 Bf6 34. Bd1 Be8 35. Ba4 Bf7 36. Ba5 Bd8 37. Qa6 Qd7 38. Bd2 Qe7 39. Qc8 Kg7 40. Kg2 Be8 41. b6 Bxa4 42. b7 Bd7 43. Qa8 Qf7 44. b8Q Bg4 45. Bf4 exf4 46. Qxd8 f3+ 47. Kf2 1-0

[Event "Wch U10 Girls"]
[Site "Weifang"]
[Date "2019.08.31"]
[Round "10"]
[White "Ho, Ngoc Vy"]
[Black "Shukhman, Anna"]
[Result "0-1"]
[WhiteElo "1416"]
[BlackElo "1806"]
[PlyCount "120"]
[EventDate "2019.08.21"]
[EventType "swiss"]
[EventRounds "11"]
[EventCountry "CHN"]
[SourceTitle "EXT 2020"]
[Source "ChessBase"]
[SourceDate "2019.10.17"]
[SourceVersion "1"]
[SourceVersionDate "2019.10.17"]
[SourceQuality "1"]

1. d4 f5 2. c4 Nf6 3. Nf3 g6 4. g3 Bg7 5. Bg2 0-0 6. 0-0 d6 7. Nbd2 Qe8 8. Re1 Nc6 9. b3 Nh5 10. Bb2 f4 11. e4 Bg4 12. Qc1 Nb4 13. Qc3 c5 14. a3 Nc6 15. Qd3 Qf7 16. Rf1 cxd4 17. Nxd4 Ne5 18. Qc2 f3 19. Bh1 Nf4 20. Bxf3 Bxf3 21. N2xf3 Nxf3+ 22. Nxf3 Bxb2 23. Qxb2 Nd3 24. Ng5 Nxb2 25. Nxf7 Rxf7 26. f4 Nd3 27. Rf3 Nc5 28. Re3 Rff8 29. b4 Nd7 30. Rd1 Rfd8 31. Red3 Nf8 32. e5 Rdc8 33. exd6 exd6 34. Rxd6 Rxc4 35. R1d3 Rc2 36. R6d5 Re8 37. Rd2 Rxd2 38. Rxd2 Re3 39. Ra2 Ne6 40. Kf2 Rc3 41. a4 Rc4 42. Rb2 Kf7 43. Ke3 Kf6 44. a5 Kf5 45. h3 h5 46. Kd3 Rd4+ 47. Kc3 h4 48. g4+ Kxf4 49. Rf2+ Kg3 50. Rf6 Rd6 51. Rxg6 Kxh3 52. g5 Kg4 53. Kb2 h3 54. Rh6 Kg3 55. b5 h2 56. g6 Ng7 57. Kc3 Kg2 58. Kc4 h1Q 59. Rxh1 Kxh1 60. Kc5 Rxg6 0-1

[Event "Wch U10 Girls"]
[Site "Santiago de Compostela"]
[Date "2018.11.10"]
[Round "6"]
[White "Nguyen, Ha Khanh Linh"]
[Black "Ho, Ngoc Vy"]
[Result "1-0"]
[WhiteElo "1449"]
[BlackElo "1275"]
[PlyCount "69"]
[EventDate "2018.11.04"]
[EventType "swiss"]
[EventRounds "11"]
[EventCountry "ESP"]
[SourceTitle "EXT 2022"]
[Source "ChessBase"]
[SourceDate "2021.10.06"]
[SourceVersion "1"]
[SourceVersionDate "2021.10.06"]
[SourceQuality "1"]

1. d4 d5 2. c4 c6 3. Nc3 Nf6 4. Nf3 e6 5. Bg5 Be7 6. e3 Nbd7 7. Qc2 0-0 8. cxd5 exd5 9. Bd3 h6 10. Bxf6 Nxf6 11. 0-0-0 Re8 12. Rdg1 Bd6 13. h3 h5 14. g4 Qe7 15. gxh5 Nxh5 16. Rg5 Qf6 17. Bf5 Qh6 18. Rhg1 Be7 19. R5g4 Bf8 20. Bxc8 Raxc8 21. Qf5 Rcd8 22. Rh4 g6 23. Qxh5 Qg7 24. Qg4 b5 25. Ng5 Qf6 26. Qf3 Qe7 27. Rf4 f5 28. Qg3 Qf6 29. Nf3 Bh6 30. Rh4 Kg7 31. Ne5 g5 32. f4 g4 33. hxg4 fxg4 34. Qxg4+ Kh7 35. Qg6+ 1-0

[Event "VIE Cup (Women)"]
[Site "Bac Giang"]
[Date "2018.06.04"]
[Round "8"]
[White "Tran, Thi Kim Lien"]
[Black "Ho, Ngoc Vy"]
[Result "0-1"]
[WhiteElo "1775"]
[BlackElo "1275"]
[PlyCount "40"]
[EventDate "2018.05.30"]
[EventType "swiss"]
[EventRounds "9"]
[EventCountry "VIE"]
[SourceTitle "CBM 184 Extra"]
[Source "ChessBase"]
[SourceDate "2018.06.28"]
[SourceVersion "1"]
[SourceVersionDate "2018.06.28"]
[SourceQuality "1"]

1. e4 e5 2. Nf3 Nc6 3. Bb5 a6 4. Ba4 Nf6 5. 0-0 b5 6. Bb3 Bc5 7. d3 0-0 8. h3 h6 9. a3 Bb7 10. Nc3 Re8 11. Ne2 d5 12. exd5 Nxd5 13. Bd2 Re6 14. Ng3 Rg6 15. Kh2 Nf6 16. Nh4 Ng4+ 17. Kh1 Qxh4 18. Qf3 Nd8 19. Bxf7+ Kh8 20. Qf5 Qxh3+ 0-1

[Event "VIE-chT (Women)"]
[Site "Ho Chi Minh City"]
[Date "2017.07.26"]
[Round "4.42"]
[White "Nguyen, Huu Bich Khoa"]
[Black "Ho, Ngoc Vy"]
[Result "1-0"]
[WhiteElo "1919"]
[BlackElo "1891"]
[PlyCount "73"]
[EventDate "2017.07.24"]
[EventType "team-swiss"]
[EventRounds "9"]
[EventCountry "VIE"]
[SourceTitle "EXT 2019"]
[Source "ChessBase"]
[SourceDate "2018.10.10"]
[SourceVersion "1"]
[SourceVersionDate "2018.10.10"]
[SourceQuality "1"]

1. e4 e5 2. Nf3 Nc6 3. Bc4 Bc5 4. c3 Nf6 5. d3 0-0 6. 0-0 d6 7. Bb3 Bb6 8. h3 h6 9. Nbd2 d5 10. Re1 Re8 11. Bc2 Nh7 12. Nf1 Re6 13. Ng3 Rg6 14. exd5 Qxd5 15. d4 Re6 16. Bb3 Qd6 17. Bxe6 Qxe6 18. d5 Qg6 19. dxc6 Qxg3 20. Be3 Bxe3 21. Rxe3 Qg6 22. Qd8+ Nf8 23. Nxe5 Qd6 24. Rd1 Qxd8 25. Rxd8 bxc6 26. Nxc6 Bb7 27. Rxa8 Bxa8 28. Nxa7 Ne6 29. a4 Bb7 30. a5 Kf8 31. Re5 Ke7 32. Rb5 Ba6 33. Rd5 Bc4 34. Nc6+ Kf6 35. Nb4 Bxd5 36. Nxd5+ Ke5 37. a6 1-0

[Event "VIE-chT (Women)"]
[Site "Ho Chi Minh City"]
[Date "2017.07.24"]
[Round "1.48"]
[White "Nguyen, Thi Thuy"]
[Black "Ho, Ngoc Vy"]
[Result "1-0"]
[WhiteElo "1729"]
[BlackElo "1891"]
[PlyCount "73"]
[EventDate "2017.07.24"]
[EventType "team-swiss"]
[EventRounds "9"]
[EventCountry "VIE"]
[SourceTitle "EXT 2019"]
[Source "ChessBase"]
[SourceDate "2018.10.10"]
[SourceVersion "1"]
[SourceVersionDate "2018.10.10"]
[SourceQuality "1"]

1. c4 e5 2. Nc3 Nf6 3. g3 Bc5 4. d3 Nc6 5. Bg2 0-0 6. e3 Bb4 7. Nge2 d5 8. cxd5 Nxd5 9. 0-0 Nf6 10. d4 Bf5 11. dxe5 Nxe5 12. Bxb7 Rb8 13. Bg2 Qxd1 14. Rxd1 Rbd8 15. Rxd8 Rxd8 16. e4 Bg4 17. Be3 Nf3+ 18. Kh1 Nd2 19. Rd1 Bxe2 20. Nxe2 Ng4 21. Rc1 Nxe3 22. fxe3 h6 23. Rxc7 Re8 24. Rxa7 Bc5 25. Rd7 Bxe3 26. Rd3 Bg5 27. Nc3 Rb8 28. h4 Nxe4 29. Nxe4 Bc1 30. b3 Kh7 31. a4 Re8 32. a5 f5 33. Nd6 Rd8 34. a6 Rd7 35. Bb7 Ba3 36. a7 Bxd6 37. a8Q 1-0